000
00295nam a22001337a 4500
008
170207b xxu||||| |||| 00| 0 eng d
020
_a
9781584802495
041
_a
eng
080
_2
4ED
_a
61
100
_a
3
101
_a
SHM
245
_a
FIRST AID EMERGENCIES
_c
DONALD GORDON
942
_2
udc
_c
BK
999
_c
4782
_d
4782